01064nam a2200277 a 450000100060000000300080000600500170001400800410003103500190007204000270009104100110011808200240012910000350015324501160018826000460030430000290035050000920037950400290047165000230050065000270052365000280055083000500057894200120062899900170064095201290065729560BD-RjUL20211209051428.0140403s1966 enka 000 0 eng  a(BD-RjUL)29645 aDLCcIORbengdBD-RjUL1 aengswe a136.7353bSAP 19691 aSandström, Carl Ivar.99008714aThe psychology of childhood and adolescence /c C. I. Sandström. Translated [from the Swedish] by Albert Read aLondon :bMethuen,c1966 [Reprited 1969] a259 p. :bill., ;c23 cm aOriginally published as Barn- och ungdomspsykologi. Stockholm, Almqvist & Wiksell, 1961 aBibliography: p. 251-252 0aAdolescence990088 0aChild psychology93848 0aChild development95451 0aMethuen's manuals of modern psychology988688 2ddccBK c29560d29560 00102ddc40708NFICaRUCLbRUCLcStackd1979-01-02eW.U.Sl0o136.7353 SAP 1969r2014-04-03 00:00:00tC-3w2014-04-03yBK